[Event "SF Essen-Katernberg  1 - Düsseldorfer "]
[Site "NRW-Klasse - Gruppe 2 2018/20"]
[Date "2018.10.14"]
[Round "2.5"]
[White "Hoenig, Alexander"]
[Black "Gassmann, Volker"]
[Result "0-1"]
[WhiteElo "2155"]
[BlackElo "2171"]
[PlyCount "72"]
[EventDate "2018.??.??"]
[WhiteTeam "Düsseldorfer SK 2"]
[BlackTeam "SF Essen-Katernberg  1"]

1. Nf3 Nf6 2. d4 c5 3. c3 b6 4. Bf4 Nh5 5. Bd2 g6 6. e4 d6 7. Bb5+ Bd7 8. Qe2
Bxb5 9. Qxb5+ Qd7 10. Qxd7+ Nxd7 11. O-O Bg7 12. d5 O-O 13. Na3 a6 14. Nc4 Rfc8
15. a4 Kf8 16. h3 Nhf6 17. Rfe1 b5 18. axb5 axb5 19. Na5 Ra6 20. c4 b4 21. e5
dxe5 22. Be3 Ne8 23. Nb3 Rxa1 24. Rxa1 Nd6 25. Ra7 Ke8 26. Nbd2 h6 27. b3 f5
28. Nf1 g5 29. g4 f4 30. Bc1 e4 31. N3d2 Bd4 32. Kg2 Ne5 33. Nh2 Nd3 34. Nxe4
Nxe4 35. f3 Ng3 36. Bd2 Bc3 0-1

[Event "SF Essen-Katernberg  1 - Düsseldorfer "]
[Site "NRW-Klasse - Gruppe 2 2018/20"]
[Date "2018.10.14"]
[Round "2.6"]
[White "Kaeding, Rainer"]
[Black "von Buenau, Heinrich"]
[Result "1/2-1/2"]
[WhiteElo "2129"]
[BlackElo "2167"]
[PlyCount "48"]
[EventDate "2018.??.??"]
[WhiteTeam "SF Essen-Katernberg  1"]
[BlackTeam "Düsseldorfer SK 2"]

1. d4 Nf6 2. g3 d5 3. Bg2 g6 4. c4 c6 5. Nf3 Bg7 6. O-O O-O 7. b3 Ne4 8. Bb2 e6
9. e3 Nd7 10. Qc2 b5 11. Nbd2 f5 12. Rac1 Rb8 13. Rfd1 Ba6 14. cxd5 cxd5 15.
Qc6 Rb6 16. Qc7 Rb7 17. Qxd8 Rxd8 18. Rc6 Rb6 19. Rdc1 Nxd2 20. Nxd2 Rxc6 21.
Rxc6 Nb8 22. Rc7 b4 23. Bf1 Rc8 24. Rxc8+ Bxc8 1/2-1/2

[Event "SF Essen-Katernberg  1 - Düsseldorfer "]
[Site "NRW-Klasse - Gruppe 2 2018/20"]
[Date "2018.10.14"]
[Round "2.7"]
[White "Kesseler, Heiko"]
[Black "Neuer, Thomas"]
[Result "0-1"]
[WhiteElo "2111"]
[BlackElo "2132"]
[PlyCount "110"]
[EventDate "2018.??.??"]
[WhiteTeam "Düsseldorfer SK 2"]
[BlackTeam "SF Essen-Katernberg  1"]

1. e4 e6 2. d4 d5 3. Nc3 Nc6 4. Nf3 Nf6 5. Bg5 Be7 6. exd5 exd5 7. Be2 h6 8.
Bh4 Bf5 9. O-O Ne4 10. Bxe7 Nxe7 11. Na4 O-O 12. Ne5 f6 13. Nd3 b6 14. Bg4 Qd7
15. Bxf5 Nxf5 16. Qg4 Rad8 17. Nc3 Nxd4 18. Qd1 Nxc3 19. bxc3 Nb5 20. Qd2 Qc6
21. Nf4 Nxc3 22. Qd3 Rfe8 23. Nh5 Re6 24. Rae1 Ne4 25. Nf4 Re5 26. Ng6 Ree8 27.
Rxe4 dxe4 28. Qxd8 Kf7 29. Nh8+ Kg8 30. Ng6 Kf7 31. Nh8+ Ke6 32. Qd1 Rxh8 33.
Qh5 Qe8 34. Qg4+ Kf7 35. Re1 Qe6 36. Qg3 Rc8 37. f3 e3 38. f4 Re8 39. Qf3 e2
40. f5 Qe3+ 41. Qxe3 Rxe3 42. Kf2 Re5 43. g4 Ke7 44. Kf3 Kd6 45. Rxe2 Rxe2 46.
Kxe2 Ke5 47. Ke3 b5 48. h3 c5 49. a3 h5 50. c3 hxg4 51. hxg4 a5 52. Kf3 b4 53.
axb4 a4 54. b5 a3 55. b6 Kd6 0-1

[Event "SF Essen-Katernberg  1 - Düsseldorfer "]
[Site "NRW-Klasse - Gruppe 2 2018/20"]
[Date "2018.10.14"]
[Round "2.8"]
[White "Bee, Marcus"]
[Black "Mueller, Michael"]
[Result "1/2-1/2"]
[WhiteElo "2143"]
[BlackElo "2048"]
[Annotator "Daniel"]
[PlyCount "85"]
[EventDate "2018.??.??"]
[WhiteTeam "SF Essen-Katernberg  1"]
[BlackTeam "Düsseldorfer SK 2"]

1. Nf3 e6 2. c4 Nf6 3. g3 b6 4. Bg2 Bb7 5. O-O Be7 6. d4 O-O 7. Nc3 Ne4 8. Nxe4
Bxe4 9. Nh4 Bxg2 10. Nxg2 d5 11. Qa4 dxc4 12. Qxc4 Nd7 13. Rd1 Nf6 14. Bf4 Bd6
15. Rac1 Qe7 16. Bg5 c5 17. d5 h6 18. Bxf6 Qxf6 19. Ne3 Rae8 20. Rc2 Qg6 $11
21. Qd3 Qxd3 22. Rxd3 exd5 23. Rxd5 Re6 24. Nc4 Bc7 25. a4 Rd8 26. Rxd8+ Bxd8
27. Rd2 Bc7 28. Rd7 Rc6 29. Ne3 Be5 30. Rd8+ Kh7 31. Nc4 Bf6 32. Rd7 a6 33. Rb7
Bd8 34. b3 Bc7 35. Ne3 h5 36. Nd5 Bd8 37. Rd7 Rc8 38. Rb7 Rc6 39. e4 c4 40.
bxc4 Rxc4 41. Rd7 Bf6 42. Nxb6 Rxe4 43. a5 1/2-1/2

[Event "Godesberger SK 1 - SK Sodingen/Castrop "]
[Site "NRW-Klasse - Gruppe 2 2018/20"]
[Date "2018.10.14"]
[Round "2.1"]
[White "Boehnke, Martin"]
[Black "Nasuta, Grzegorz"]
[Result "1/2-1/2"]
[WhiteElo "2163"]
[BlackElo "2503"]
[PlyCount "135"]
[EventDate "2018.??.??"]
[WhiteTeam "SK Sodingen/Castrop 1"]
[BlackTeam "Godesberger SK 1"]

1. d4 d5 2. c4 e6 3. Nf3 c6 4. e3 Bd6 5. Bd3 f5 6. b3 Nf6 7. Bb2 O-O 8. Nbd2
Ne4 9. O-O Nd7 10. Ne5 Nxe5 11. dxe5 Be7 12. Nxe4 dxe4 13. Be2 Qc7 14. Qc2 c5
15. Rad1 Bd7 16. Rd2 Bc6 17. Bc3 a5 18. a4 Qc8 19. f3 exf3 20. Bxf3 Bxf3 21.
gxf3 Qc6 22. Rdd1 b6 23. Qe2 Kf7 24. Rd3 Rad8 25. Rxd8 Rxd8 26. Rd1 Rg8 27. h3
Rd8 28. Rxd8 Bxd8 29. Qd1 Bg5 30. Kf2 Bh4+ 31. Ke2 Qc7 32. Qg1 Qd8 33. Qg2 Qg5
34. Qxg5 Bxg5 35. f4 Bh4 36. Kf3 g5 37. fxg5 Kg6 38. e4 fxe4+ 39. Kxe4 Kxg5 40.
Bd2+ Kh5 41. Kf3 Be7 42. Be1 Bg5 43. Bg3 Bh4 44. Bf4 Be1 45. Ke2 Bb4 46. Bg3
Kg5 47. Ke3 Ba3 48. Ke4 Bb2 49. Bf2 Bc3 50. Bg3 Bd2 51. Bf2 Kh5 52. Kf3 Bc1 53.
Bg3 Bg5 54. Be1 Kg6 55. Ke4 Bd8 56. Kf4 Kh5 57. Kf3 Bh4 58. Bd2 Kg6 59. Ke4 Bg3
60. Bc3 Kh5 61. Kf3 Kh4 62. Kg2 Bf4 63. Be1+ Kg5 64. Kf3 Bxe5 65. Ke4 Bc7 66.
Bf2 Bd6 67. Be1 Bb8 68. Bf2 1/2-1/2

[Event "Godesberger SK 1 - SK Sodingen/Castrop "]
[Site "NRW-Klasse - Gruppe 2 2018/20"]
[Date "2018.10.14"]
[Round "2.2"]
[White "Seger, Ruediger"]
[Black "Werrn, Pascal"]
[Result "1/2-1/2"]
[WhiteElo "2323"]
[BlackElo "2050"]
[Annotator "Daniel"]
[PlyCount "145"]
[EventDate "2018.??.??"]
[WhiteTeam "Godesberger SK 1"]
[BlackTeam "SK Sodingen/Castrop 1"]

1. e4 c5 2. b3 Nc6 3. Bb2 e6 4. Nf3 d5 5. exd5 exd5 6. Bb5 Nf6 7. O-O Be7 8.
Ne5 Qc7 9. Re1 Be6 10. d3 O-O 11. Bxc6 bxc6 12. Nd2 Bd6 13. Ndf3 Rae8 14. Qd2
h6 15. h3 Nh5 16. Re2 f6 17. Ng6 Nf4 18. Nxf4 Bxf4 19. Qc3 Bd6 20. Rae1 Bd7 21.
a4 Rxe2 22. Rxe2 Re8 23. Rxe8+ Bxe8 24. Ba3 Qe7 25. Qe1 Kf8 26. Kf1 g5 27.
Qxe7+ Kxe7 28. Ke2 Bd7 29. Kd2 a6 30. Ke1 f5 31. Ng1 g4 32. hxg4 fxg4 33. g3
Ke6 34. Ne2 h5 35. Bc1 Be8 36. Bf4 Be7 37. Bc7 Bf7 38. Kd2 Kf5 39. Bf4 Bf6 40.
Be3 Be7 41. Bf4 h4 42. gxh4 Bxh4 43. Bg3 Bg5+ 44. Kd1 Bf6 45. c4 Be7 46. Bc7
Bg8 47. a5 Bh4 48. Ke1 Bf6 49. Bb6 Be7 50. Kd2 Ke5 51. Bc7+ Bd6 $11 52. Bd8 Bh7
53. Ke3 Bg6 54. Bb6 Ke6 55. Bd8 Ke5 56. Bh4 Kf5 57. Bg3 Be7 58. d4 Bg5+ 59. Kd3
Ke6+ 60. Kc3 Bf6 61. cxd5+ cxd5 62. Nf4+ Kf5 63. Nxd5 Bxd4+ 64. Kd2 Bf7 65. Nc7
Bxb3 66. Nxa6 Ke4 67. Nc7 c4 68. Nb5 Bc5 69. a6 c3+ 70. Nxc3+ Kf3 71. Bb8 Bxf2
72. a7 Bxa7 73. Bxa7 1/2-1/2

[Event "Godesberger SK 1 - SK Sodingen/Castrop "]
[Site "NRW-Klasse - Gruppe 2 2018/20"]
[Date "2018.10.14"]
[Round "2.3"]
[White "Hille, Ralph Ingo"]
[Black "Koehler, Christian Friedrich"]
[Result "0-1"]
[WhiteElo "2066"]
[BlackElo "2268"]
[PlyCount "192"]
[EventDate "2018.??.??"]
[WhiteTeam "SK Sodingen/Castrop 1"]
[BlackTeam "Godesberger SK 1"]

1. b3 e5 2. Bb2 Nc6 3. e3 Nf6 4. Nf3 e4 5. Nd4 Nxd4 6. Bxd4 d5 7. c4 c6 8. Nc3
Be7 9. cxd5 cxd5 10. Be2 O-O 11. O-O b6 12. f3 Bb7 13. Qe1 exf3 14. Bxf3 Ne4
15. Nxe4 dxe4 16. Qg3 f6 17. Bg4 Ba6 18. Rf2 Qd6 19. Qxd6 Bxd6 20. Rc1 Rfe8 21.
g3 Bd3 22. Rc6 Bb4 23. Bc3 Bb5 24. Re6 Bf8 25. Rf4 Bd3 26. Kf2 Rxe6 27. Bxe6+
Kh8 28. g4 Re8 29. Bd5 h6 30. h4 Bd6 31. Rf5 Kh7 32. h5 Re7 33. Ke1 Ba6 34. Bc4
Bc8 35. Rd5 Bg3+ 36. Kf1 Bxg4 37. Be2 Bh3+ 38. Kg1 Rd7 39. Rxd7 Bxd7 40. Kg2
Bd6 41. d4 Be6 42. Be1 Bd7 43. Bg3 Bb4 44. Bb8 a5 45. a4 Kg8 46. Bc7 Kf7 47.
Bxb6 Ke6 48. Bc7 Bd2 49. Bc4+ Ke7 50. Kf2 Be8 51. Bd5 Bxh5 52. Bxe4 Bd1 53. Bd5
Kd7 54. Bb6 f5 55. Bc5 g5 56. Bf8 h5 57. Bh6 g4 58. Bg5 Kd6 59. Bf7 Bc2 60.
Bxh5 Bxb3 61. Be8 Bd5 62. Bf4+ Ke6 63. Bb5 Bb4 64. Ba6 Be4 65. Bc8+ Ke7 66.
Bg5+ Kd6 67. Bf4+ Ke7 68. Bg5+ Kf7 69. Ba6 Bc2 70. Bc4+ Kg6 71. Bd8 Bxa4 72.
Be6 Bc2 73. Bc7 a4 74. d5 Kf6 75. Bb6 Bc3 76. Bc5 Ke5 77. Ba3 Ba5 78. Ke2 g3
79. Kf3 Be1 80. Bb2+ Kd6 81. Ba3+ Kc7 82. d6+ Kd8 83. Bb2 Be4+ 84. Kf4 Bc6 85.
Bf6+ Ke8 86. d7+ Bxd7 87. Bd5 Be6 88. Bc6+ Kf7 89. Bd4 Bf2 90. Kf3 a3 91. Be5
a2 92. Bc3 Bb3 93. Kg2 Ke6 94. Kf3 Bd5+ 95. Bxd5+ Kxd5 96. Bd4 f4 0-1

[Event "Godesberger SK 1 - SK Sodingen/Castrop "]
[Site "NRW-Klasse - Gruppe 2 2018/20"]
[Date "2018.10.14"]
[Round "2.4"]
[White "Grabowski, Pawel"]
[Black "Mueller, Frank"]
[Result "1/2-1/2"]
[WhiteElo "2218"]
[BlackElo "1997"]
[PlyCount "64"]
[EventDate "2018.??.??"]
[WhiteTeam "Godesberger SK 1"]
[BlackTeam "SK Sodingen/Castrop 1"]

1. d4 Nf6 2. c4 g6 3. Nc3 d5 4. cxd5 Nxd5 5. e4 Nxc3 6. bxc3 Bg7 7. Be3 c5 8.
Qd2 Qa5 9. Rc1 cxd4 10. cxd4 Qxd2+ 11. Kxd2 O-O 12. Bb5 Rd8 13. Ne2 Nc6 14.
Bxc6 bxc6 15. Rhd1 Ba6 16. Ke1 Rd7 17. e5 Rb8 18. Rd2 f6 19. f4 Rb4 20. g4 fxe5
21. fxe5 Bc4 22. Rdc2 Bd5 23. g5 e6 24. Nc3 Bf3 25. Ne2 Be4 26. Rd2 Rdb7 27.
Nf4 Rb1 28. Rxb1 Rxb1+ 29. Kf2 Kf7 30. Nd3 Bf8 31. Nc5 Bxc5 32. dxc5 Bd5
1/2-1/2

[Event "Godesberger SK 1 - SK Sodingen/Castrop "]
[Site "NRW-Klasse - Gruppe 2 2018/20"]
[Date "2018.10.14"]
[Round "2.5"]
[White "Rohovoy, Dmitrij"]
[Black "Schulte-Geers, Niklas"]
[Result "1/2-1/2"]
[WhiteElo "1939"]
[BlackElo "2118"]
[PlyCount "33"]
[EventDate "2018.??.??"]
[WhiteTeam "SK Sodingen/Castrop 1"]
[BlackTeam "Godesberger SK 1"]

1. d4 d5 2. c4 c6 3. Bf4 Nf6 4. Nc3 e6 5. e3 Bd6 6. Bg3 O-O 7. Nf3 b6 8. Bd3
Bb7 9. cxd5 cxd5 10. Ne5 Nc6 11. O-O Rc8 12. Rc1 Qe7 13. f4 Nd7 14. Qh5 f5 15.
Bh4 Nf6 16. Qe2 Qe8 17. Nb5 1/2-1/2

[Event "Godesberger SK 1 - SK Sodingen/Castrop "]
[Site "NRW-Klasse - Gruppe 2 2018/20"]
[Date "2018.10.14"]
[Round "2.6"]
[White "Stenzel, Thomas"]
[Black "Kock, Wolfgang"]
[Result "0-1"]
[WhiteElo "2117"]
[BlackElo "1970"]
[Annotator "Daniel"]
[PlyCount "164"]
[EventDate "2018.??.??"]
[WhiteTeam "Godesberger SK 1"]
[BlackTeam "SK Sodingen/Castrop 1"]

1. e4 d6 2. d4 Nf6 3. Nc3 c6 4. a4 a5 5. h3 Qc7 6. g3 e5 7. Nge2 Be7 8. Bg2
Nbd7 9. O-O O-O 10. Be3 Re8 11. Qd2 Nf8 12. f4 Be6 13. b3 Rad8 14. Rad1 Bc8 15.
g4 exf4 16. Bxf4 Ng6 17. Bg3 Qb6 18. Bf2 Qc7 19. Nf4 Nxf4 20. Qxf4 Nd7 21. Bg3
f6 22. Qf2 Qb6 23. Kh1 Nf8 24. d5 Qxf2 25. Bxf2 c5 26. Nb5 Ng6 27. Nc7 Rf8 28.
Be1 b6 29. Bf3 Bd7 30. Be2 Rc8 31. Nb5 Bxb5 $11 32. Bxb5 Rc7 33. Bg3 Rd8 34.
Rf5 h6 35. Rg1 Bf8 36. h4 Be7 37. Bf2 Nh8 38. Be3 Nf7 39. Rf2 Rf8 40. Rh2 Ne5
41. Rg3 Nf7 42. Kg1 Rd8 43. Kf1 Rdc8 44. Ke1 Rd8 45. Kd1 Rdc8 46. Bf4 Rd8 47.
Bc4 Rf8 48. Kc1 Rb8 49. Kb1 Ra7 50. Rgh3 Ne5 51. Be2 Rf8 52. Rg3 Nf7 53. Bd2
Re8 54. Bb5 Rf8 55. Kb2 Bd8 56. Bf4 g5 57. Bd2 Re7 58. Re3 Ne5 59. Be2 Rh7 60.
Reh3 Rff7 61. c3 Re7 62. Ka3 Ng6 63. Rf3 Re5 64. h5 Nf8 65. Bd3 Nd7 66. Be1 Re8
67. e5 Nxe5 68. Bxh7+ Kxh7 69. Rg3 Nxg4 70. Rxg4 Rxe1 71. Rgg2 f5 72. Re2 Rxe2
73. Rxe2 f4 74. Rf2 Bf6 75. Kb2 Be5 76. Kc2 g4 77. Re2 Kg7 78. Kd1 Kf6 79. Rc2
f3 80. Ke1 g3 81. Kf1 g2+ 82. Kg1 Bf4 0-1

[Event "Godesberger SK 1 - SK Sodingen/Castrop "]
[Site "NRW-Klasse - Gruppe 2 2018/20"]
[Date "2018.10.14"]
[Round "2.8"]
[White "Wecker, Martin"]
[Black "Lucke, Thomas"]
[Result "1/2-1/2"]
[WhiteElo "2154"]
[BlackElo "1854"]
[PlyCount "95"]
[EventDate "2018.??.??"]
[WhiteTeam "Godesberger SK 1"]
[BlackTeam "SK Sodingen/Castrop 1"]

1. Nf3 d5 2. c4 c6 3. e3 Nf6 4. Nc3 e6 5. b3 Be7 6. Bb2 O-O 7. Qc2 b6 8. Rg1
Bb7 9. g4 Nbd7 10. g5 Nh5 11. Be2 g6 12. Nh4 Ng7 13. f4 Re8 14. O-O-O Bf8 15.
Nf3 Nf5 16. h4 Bg7 17. h5 a6 18. e4 Nd6 19. h6 Bh8 20. e5 Nf5 21. Bd3 Ne7 22.
Ne2 Nc5 23. Ng3 Nxd3+ 24. Qxd3 c5 25. Kb1 d4 26. Nh4 Qd7 27. Ne4 Nf5 28. Nxf5
exf5 29. Nf2 a5 30. Qe2 a4 31. a3 axb3 32. Rg3 Bc6 33. Rxb3 Ra6 34. Re1 Ba4 35.
Rg3 Bc6 36. Qd3 Rb8 37. Kc1 Ba4 38. Qb1 b5 39. d3 bxc4 40. dxc4 Rab6 41. Re2
Bb3 42. Rxb3 Rxb3 43. Nd3 Qc6 44. Qc2 Qf3 45. Rd2 Qe3 46. a4 Qg1+ 47. Rd1 Qe3+
48. Rd2 1/2-1/2

[Event "SK Königsspringer Iserlohn 1 - Güters"]
[Site "NRW-Klasse - Gruppe 2 2018/20"]
[Date "2018.10.14"]
[Round "2.1"]
[White "Plaßmann, Dominik"]
[Black "Scheider, Julian"]
[Result "0-1"]
[WhiteElo "2153"]
[BlackElo "2320"]
[PlyCount "104"]
[EventDate "2018.??.??"]
[WhiteTeam "Gütersloher SV 1"]
[BlackTeam "SK Königsspringer Iserlohn 1"]

1. e4 c5 2. a3 d6 3. b4 Nf6 4. Nc3 g6 5. Bb2 Bg7 6. Nd5 Nbd7 7. Bb5 O-O 8. Bxd7
Bxd7 9. Nxf6+ exf6 10. Ne2 Bc6 11. f3 f5 12. Bxg7 Kxg7 13. exf5 cxb4 14. O-O
Re8 15. Ng3 a5 16. Qb1 bxa3 17. Rxa3 Qf6 18. d3 Qd4+ 19. Kh1 b5 20. Qc1 b4 21.
Ra1 Re3 22. Ne4 Bxe4 23. fxe4 f6 24. fxg6 hxg6 25. Qd1 Ra7 26. Qg4 Qe5 27. h3
d5 28. exd5 g5 29. d4 Qxd5 30. Rf5 Qe6 31. Raf1 Qe4 32. Rxf6 Qxg4 33. hxg4 Re4
34. R6f5 Rxg4 35. Ra1 a4 36. Rb5 Rxd4 37. Rxg5+ Kh6 38. Rb5 a3 39. Ra2 Rc7 40.
Kh2 Rc3 41. Re5 Rh4+ 42. Kg1 Rhc4 43. Re2 Kg5 44. Kf2 Kf4 45. Ke1 Re4 46. Rxe4+
Kxe4 47. Kf2 Kd4 48. g3 Rxc2+ 49. Rxc2 b3 50. Rc8 b2 51. Rb8 Kc3 52. Ra8 Kb3
0-1

[Event "SK Königsspringer Iserlohn 1 - Güters"]
[Site "NRW-Klasse - Gruppe 2 2018/20"]
[Date "2018.10.14"]
[Round "2.3"]
[White "Kretschmann, Michael"]
[Black "Schmitz, Philipp"]
[Result "1/2-1/2"]
[WhiteElo "2075"]
[BlackElo "2184"]
[PlyCount "94"]
[EventDate "2018.??.??"]
[WhiteTeam "Gütersloher SV 1"]
[BlackTeam "SK Königsspringer Iserlohn 1"]

1. g3 d5 2. d3 e5 3. Bg2 Nf6 4. Nf3 Bd6 5. O-O O-O 6. Nc3 c6 7. e4 b5 8. exd5
b4 9. Ne4 cxd5 10. Nxd6 Qxd6 11. d4 e4 12. Bf4 Qb6 13. Ne5 Nc6 14. c4 dxc4 15.
Nxc4 Qxd4 16. Qxd4 Nxd4 17. Be5 Nf3+ 18. Bxf3 exf3 19. Bxf6 gxf6 20. h4 Ba6 21.
b3 Rfd8 22. Rfd1 Bxc4 23. bxc4 Kf8 24. g4 a5 25. Kh2 a4 26. Kg3 b3 27. axb3
axb3 28. Rxa8 Rxa8 29. Rb1 Rb8 30. Kxf3 Ke7 31. Ke3 Kd6 32. Kd4 b2 33. Kc3 Kc5
34. Rxb2 Rxb2 35. Kxb2 Kxc4 36. Kc2 Kd4 37. Kd2 Ke4 38. Ke2 Kf4 39. f3 f5 40.
gxf5 Kg3 41. h5 Kf4 42. h6 f6 43. Kf2 Kxf5 44. Kg3 Kg5 45. f4+ Kxh6 46. Kg4 Kg6
47. f5+ Kh6 1/2-1/2

[Event "SK Königsspringer Iserlohn 1 - Güters"]
[Site "NRW-Klasse - Gruppe 2 2018/20"]
[Date "2018.10.14"]
[Round "2.5"]
[White "Hanhoerster, Stephan"]
[Black "Klauke, Stefan"]
[Result "1-0"]
[WhiteElo "1986"]
[BlackElo "2119"]
[PlyCount "65"]
[EventDate "2018.??.??"]
[WhiteTeam "Gütersloher SV 1"]
[BlackTeam "SK Königsspringer Iserlohn 1"]

1. e4 e5 2. Nf3 Nc6 3. Bb5 Nge7 4. d4 exd4 5. O-O g6 6. c3 dxc3 7. Nxc3 Bg7 8.
Bg5 O-O 9. Bxc6 bxc6 10. Qd2 d6 11. Rfe1 f6 12. Bf4 c5 13. Nd5 Be6 14. b4 cxb4
15. Nd4 Bf7 16. Bh6 Nxd5 17. Bxg7 Kxg7 18. exd5 Bxd5 19. Nf5+ gxf5 20. Qxd5 Qd7
21. Re3 Rae8 22. Rd1 f4 23. Rf3 Re5 24. Qd4 a5 25. Qxf4 Qe6 26. Qc1 Rf7 27. h3
Qxa2 28. Rg3+ Kh8 29. Rxd6 Re8 30. Qc6 Ref8 31. Rd5 b3 32. Qe6 Rg7 33. Qxf6 1-0

[Event "SK Königsspringer Iserlohn 1 - Güters"]
[Site "NRW-Klasse - Gruppe 2 2018/20"]
[Date "2018.10.14"]
[Round "2.6"]
[White "Kind, Bertram"]
[Black "Grochtmann, Stephan"]
[Result "1-0"]
[WhiteElo "2129"]
[BlackElo "1985"]
[PlyCount "31"]
[EventDate "2018.??.??"]
[WhiteTeam "SK Königsspringer Iserlohn 1"]
[BlackTeam "Gütersloher SV 1"]

1. e4 g6 2. Bc4 c6 3. Qf3 d5 4. exd5 Nf6 5. dxc6 Nxc6 6. Qb3 Ne5 7. Bb5+ Nc6 8.
Nf3 Bg7 9. d4 O-O 10. Bxc6 bxc6 11. O-O Bg4 12. Nbd2 Rb8 13. Qc4 Qd6 14. c3 Nd7
15. Re1 e5 16. dxe5 1-0

[Event "SK Königsspringer Iserlohn 1 - Güters"]
[Site "NRW-Klasse - Gruppe 2 2018/20"]
[Date "2018.10.14"]
[Round "2.7"]
[White "Asani, Baskim"]
[Black "Messarius, Juergen"]
[Result "0-1"]
[WhiteElo "1901"]
[BlackElo "2119"]
[PlyCount "50"]
[EventDate "2018.??.??"]
[WhiteTeam "Gütersloher SV 1"]
[BlackTeam "SK Königsspringer Iserlohn 1"]

1. d4 f5 2. g3 g6 3. Bg2 Nh6 4. c4 Nf7 5. Nf3 Bg7 6. Nc3 O-O 7. Bf4 d6 8. d5 c6
9. Rc1 e5 10. dxe6 Bxe6 11. b3 Qe7 12. Nd4 Nd7 13. Nxe6 Qxe6 14. O-O Rae8 15.
Re1 Qf6 16. Bd2 Nc5 17. Qc2 Ne5 18. b4 Ne6 19. Nb1 f4 20. gxf4 Nxf4 21. Bxf4
Qxf4 22. e3 Qh4 23. f4 Ng4 24. c5 Qxh2+ 25. Kf1 Rxf4+ 0-1

[Event "SK Königsspringer Iserlohn 1 - Güters"]
[Site "NRW-Klasse - Gruppe 2 2018/20"]
[Date "2018.10.14"]
[Round "2.8"]
[White "Franz, Christian"]
[Black "Kandler, Philipp"]
[Result "1/2-1/2"]
[WhiteElo "2046"]
[BlackElo "1670"]
[PlyCount "78"]
[EventDate "2018.??.??"]
[WhiteTeam "SK Königsspringer Iserlohn 1"]
[BlackTeam "Gütersloher SV 1"]

1. c4 e5 2. Nc3 Nc6 3. g3 f5 4. Bg2 Nf6 5. e3 Bb4 6. Nge2 O-O 7. Nd5 d6 8. a3
Ba5 9. b4 Bb6 10. d4 a6 11. O-O e4 12. Nec3 Ne7 13. Nf4 Kh8 14. d5 Qe8 15. Bb2
Ng6 16. Nxg6+ Qxg6 17. Rc1 Nd7 18. Ne2 Qe8 19. Nf4 Ne5 20. c5 Ba7 21. f3 exf3
22. Bxf3 Bd7 23. Qd4 b6 24. c6 Bc8 25. Bh5 Qe7 26. Qc3 b5 27. Rce1 Nc4 28. Bc1
Ne5 29. Kg2 Nc4 30. h3 Qe4+ 31. Bf3 Qe5 32. Qb3 Re8 33. e4 Qd4 34. Ne2 Qf6 35.
Kh2 Qg6 36. Nf4 Qf6 37. Ne2 Qg6 38. Nf4 Qf6 39. Ne2 Qg6 1/2-1/2

[Event "Bielefelder SK 1 - Kölner SK Dr. Laske"]
[Site "NRW-Klasse - Gruppe 2 2018/20"]
[Date "2018.10.14"]
[Round "2.1"]
[White "Paris, Michael"]
[Black "Forchert, Martin"]
[Result "0-1"]
[WhiteElo "2133"]
[BlackElo "2273"]
[PlyCount "84"]
[EventDate "2018.??.??"]
[WhiteTeam "Kölner SK Dr. Lasker 1"]
[BlackTeam "Bielefelder SK 1"]

1. e4 Nf6 2. e5 Nd5 3. Nc3 Nxc3 4. dxc3 d6 5. Bf4 Nc6 6. Nf3 Bg4 7. h3 dxe5 8.
Qxd8+ Nxd8 9. Nxe5 Bf5 10. Bd3 Bxd3 11. Nxd3 Ne6 12. Be3 g6 13. O-O Bg7 14.
Rad1 O-O-O 15. Nc5 Nxc5 16. Bxc5 Bf6 17. Rd3 b6 18. Be3 c5 19. Rfd1 c4 20.
Rxd8+ Rxd8 21. Rxd8+ Kxd8 22. a4 Kc7 23. Kf1 Kc6 24. Ke2 a6 25. f3 Be5 26. Kd2
f5 27. f4 Bd6 28. Ke2 h5 29. Kf3 b5 30. axb5+ Kxb5 31. Bd4 Kc6 32. g4 Kd5 33.
gxh5 gxh5 34. Bg7 a5 35. Bd4 a4 36. Be3 Bc5 37. Bc1 e6 38. Bd2 Bf8 39. Be3 Bg7
40. Bd2 Bh6 41. Be3 e5 42. h4 Ke6 0-1

[Event "Bielefelder SK 1 - Kölner SK Dr. Laske"]
[Site "NRW-Klasse - Gruppe 2 2018/20"]
[Date "2018.10.14"]
[Round "2.2"]
[White "Gruen, Gerd-Peter"]
[Black "Nagel, Bernhard"]
[Result "0-1"]
[WhiteElo "2227"]
[BlackElo "2159"]
[PlyCount "86"]
[EventDate "2018.??.??"]
[WhiteTeam "Bielefelder SK 1"]
[BlackTeam "Kölner SK Dr. Lasker 1"]

1. d4 Nf6 2. Nf3 e6 3. c4 b6 4. g3 Ba6 5. b3 Bb7 6. Bg2 Bb4+ 7. Bd2 a5 8. O-O
O-O 9. Bg5 h6 10. Bxf6 Qxf6 11. a3 Be7 12. Nc3 Rd8 13. e4 d6 14. Qe2 Qg6 15. e5
c6 16. exd6 Bxd6 17. Ne4 Be7 18. Ne5 Qf5 19. f4 f6 20. Nf3 Qh5 21. Nc3 Bc8 22.
h3 Bd6 23. Ne4 Bf8 24. g4 Qf7 25. Rfd1 Ra7 26. c5 Nd7 27. b4 Ba6 28. Qc2 axb4
29. axb4 Rda8 30. Qc3 Bb5 31. Rxa7 Rxa7 32. Ra1 Rxa1+ 33. Qxa1 bxc5 34. Nxc5
Nb6 35. Qe1 Bxc5 36. dxc5 Nd5 37. Qd2 Qc7 38. Nd4 Nxf4 39. Nxb5 cxb5 40. Bf1
Nd5 41. Qe1 Kf7 42. Kh1 Qf4 43. Bg2 Qxb4 0-1

[Event "Bielefelder SK 1 - Kölner SK Dr. Laske"]
[Site "NRW-Klasse - Gruppe 2 2018/20"]
[Date "2018.10.14"]
[Round "2.3"]
[White "Cramer, Volker"]
[Black "Goeßling, Guido"]
[Result "1-0"]
[WhiteElo "2148"]
[BlackElo "2135"]
[PlyCount "69"]
[EventDate "2018.??.??"]
[WhiteTeam "Kölner SK Dr. Lasker 1"]
[BlackTeam "Bielefelder SK 1"]

1. d4 d5 2. Bg5 f6 3. Bh4 Nh6 4. e3 Nf5 5. Bd3 h5 6. Bxf5 Bxf5 7. h3 e6 8. Nc3
Nc6 9. Bg3 Qd7 10. Nge2 O-O-O 11. Qd2 h4 12. Bh2 Na5 13. b3 g5 14. f3 Nc6 15.
Rf1 Bg6 16. O-O-O Ba3+ 17. Kb1 Nb4 18. e4 Qc6 19. Qe3 Rhe8 20. Rd2 dxe4 21.
fxe4 e5 22. d5 Qa6 23. Na4 Rd6 24. Bg1 b5 25. Nc5 Qa5 26. Qc3 Nc6 27. Nd3 Bb4
28. Nxb4 Nxb4 29. a4 bxa4 30. Bc5 Rb6 31. Bxb6 Qxb6 32. Qc4 axb3 33. cxb3 Qe3
34. Qxb4 Bxe4+ 35. Ka1 1-0

[Event "Bielefelder SK 1 - Kölner SK Dr. Laske"]
[Site "NRW-Klasse - Gruppe 2 2018/20"]
[Date "2018.10.14"]
[Round "2.4"]
[White "Forchert, Niko"]
[Black "Kloss, Henning"]
[Result "1/2-1/2"]
[WhiteElo "2074"]
[BlackElo "2142"]
[PlyCount "45"]
[EventDate "2018.??.??"]
[WhiteTeam "Bielefelder SK 1"]
[BlackTeam "Kölner SK Dr. Lasker 1"]

1. d4 Nf6 2. Nf3 g6 3. Bg5 Bg7 4. Nbd2 d5 5. e3 O-O 6. Bd3 b6 7. Qe2 c5 8. c3
Bb7 9. O-O Ne4 10. Bh4 Nxd2 11. Qxd2 Nc6 12. Rfe1 Qd7 13. Bb5 a6 14. Bxc6 Bxc6
15. Ne5 Bxe5 16. dxe5 Qb7 17. e4 f6 18. exf6 exf6 19. e5 fxe5 20. Rxe5 Rae8 21.
Rae1 Rxe5 22. Rxe5 Re8 23. Rxe8+ 1/2-1/2

[Event "Bielefelder SK 1 - Kölner SK Dr. Laske"]
[Site "NRW-Klasse - Gruppe 2 2018/20"]
[Date "2018.10.14"]
[Round "2.5"]
[White "Lindam, Ingo"]
[Black "Roemhild, Marcus"]
[Result "1-0"]
[WhiteElo "2078"]
[BlackElo "2038"]
[PlyCount "79"]
[EventDate "2018.??.??"]
[WhiteTeam "Kölner SK Dr. Lasker 1"]
[BlackTeam "Bielefelder SK 1"]

1. d4 d6 2. Nf3 Nf6 3. c4 g6 4. Nc3 Bg7 5. g3 O-O 6. Bg2 Nbd7 7. O-O e5 8. e4
c6 9. h3 Re8 10. d5 Nc5 11. Re1 a5 12. Rb1 cxd5 13. cxd5 Bd7 14. a4 Rf8 15. Bf1
Rb8 16. Kh2 Qc8 17. Nd2 Ne8 18. Nc4 f5 19. Nb6 Qd8 20. Nxd7 Qxd7 21. Bb5 Qf7
22. exf5 Qxf5 23. Be3 b6 24. Qg4 Qxg4 25. hxg4 Nf6 26. f3 Nfd7 27. Kg2 Rf7 28.
b4 axb4 29. Rxb4 Rbf8 30. Be2 Bf6 31. Reb1 Ra8 32. Bb5 Bd8 33. Bc6 Rc8 34. Nb5
Be7 35. Na7 Rc7 36. Nb5 Rc8 37. Nc3 Bd8 38. Rc4 Kg7 39. Nb5 Be7 40. Bxd7 1-0